| 000 | 00000nam 2200000za 4500 |
| 001 | 9.818203 |
| 003 | CaOODSP |
| 005 | 20251010122816 |
| 007 | cr ||||||||||| |
| 008 | 160524s2014 onc|||||o f|0| 0 eng d |
| 040 | |aCaOODSP|beng |
| 043 | |an-cn--- |
| 086 | 1 |aYM32-5/2014-18E-PDF |
| 100 | 1 |aKirkby, Cynthia. |
| 245 | 14|aThe Standing Joint Committee for the Scrutiny of Regulations |h[electronic resource] / |cCynthia Kirkby. |
| 250 | |a[2 April 2014 edition]. |
| 260 | |aOttawa : |bLibrary of Parliament, |c2014. |
| 300 | |ai, 5 p. |
| 490 | 1 |aIn brief ; |v2014-18-E |
| 500 | |a"2 April 2014." |
| 500 | |aAlso available in French under the title: Le Comité mixte permanent d’examen de la réglementation. |
| 504 | |aIncludes bibliographical references. |
| 692 | 07|2gccst|aCommittees |
| 710 | 1 |aCanada. |bParliamentary Information and Research Service. |
| 775 | 08|tLe Comité mixte permanent d'examen de la réglementation |w(CaOODSP)9.818206 |
| 794 | |tThe Standing Joint Committee for the Scrutiny of Regulations / |b[Revised 21 February 2022]|w(CaOODSP)9.956181 |
| 830 | #0|aIn brief (Canada. Parliamentary Information and Research Service)|v2014-18-E|w(CaOODSP)9.504914 |
| 856 | 40|qPDF|s419 KB|uhttps://publications.gc.ca/collections/collection_2016/bdp-lop/eb/YM32-5-2014-18-eng.pdf |